Protipreklzový systém elektromobilu
Saved in:
| Main Author: | |
|---|---|
| Other Authors: | |
| Format: | Manuscript Book |
| Language: | Slovak |
| Published: |
Bratislava :
STU v Bratislave FEI,
2022
|
| Subjects: | |
| Online Access: | https://opac.crzp.sk/?fn=detailBiblioFormChildG5MSI&sid=7E432E204D1F6C32995D8F3802D8&seo=CRZP-detail-kniha |
| Tags: |
No Tags, Be the first to tag this record!
|
MARC
| LEADER | 00000ntm a22000003a 4500 | ||
|---|---|---|---|
| 001 | stuzp85912 | ||
| 003 | SK-STU | ||
| 005 | 20230109104930.0 | ||
| 007 | ta | ||
| 008 | 150427s2015----xo-----f-mn---000-0-slo-d | ||
| 040 | |a STU |b slo | ||
| 041 | 0 | |a slo | |
| 044 | |a xo | ||
| 100 | 1 | |a Chrobák, Martin |u 030400 |4 aut |U FEI Fakulta elektrotechniky a informatiky |T FEI Ústav automobilovej mechatroniky |X 92432 |U E400 |Y 642 |7 92432 | |
| 242 | 0 | 1 | |a Anti slip electric car regulation |y eng |
| 245 | 1 | 0 | |a Protipreklzový systém elektromobilu |
| 260 | |a Bratislava : |b STU v Bratislave FEI, |c 2022 | ||
| 300 | |a 49 s., príl. | ||
| 650 | 4 | |a ASR |2 slo | |
| 650 | 4 | |a automobil |2 slo | |
| 650 | 4 | |a trakčná kontrola |2 slo | |
| 650 | 4 | |a akcelerácia |2 slo | |
| 650 | 4 | |a ASR |2 eng | |
| 650 | 4 | |a vehicle |2 eng | |
| 650 | 4 | |a traction control |2 eng | |
| 650 | 4 | |a acceleration |2 eng | |
| 700 | 1 | |a Ťapák, Peter |u 030400 |k Z1 |4 ths |U FEI Fakulta elektrotechniky a informatiky |T FEI Ústav automobilovej mechatroniky |X 3715 |U E400 |Y 642 |7 A000003715 | |
| 856 | 4 | |u https://opac.crzp.sk/?fn=detailBiblioFormChildG5MSI&sid=7E432E204D1F6C32995D8F3802D8&seo=CRZP-detail-kniha | |